| 000 | 00838nam a2200229 u 4500 | ||
|---|---|---|---|
| 001 | 000807248 | ||
| 003 | AM-YeHGA | ||
| 005 | 20250617144403.0 | ||
| 008 | 110503s1972 ru r 000 0 rus d | ||
| 040 | _aAM-YeHGA | ||
| 041 | 0 | _arus | |
| 100 | 1 | _aГлаговский, Борис Аронович | |
| 245 | 1 | 0 |
_aЭлектротензометры сопротивления / _cБ.А. Глаговский, И.Д. Пивен. |
| 250 | _a2- еизд., перераб. и доп. | ||
| 260 |
_aЛенинград : _bЭнергия, _c1972. |
||
| 300 |
_a86 с. : _bил. |
||
| 440 | 0 |
_aБ-ка по автоматике _v№ 477 |
|
| 504 | _aБиблиогр.: с.81-84 | ||
| 653 | 0 | _aИзмерительная техника и автоматика | |
| 700 | 1 | _aПивен, Игорь Данилович | |
| 090 | _c294701 | ||
| 999 |
_c293016 _d293016 |
||